[Event "Jacques Jaudran mem-A corr"]
[Site "France AJEC"]
[Date "2002.09.15"]
[Round "?"]
[White "Barrios Troncoso, Jose Antonio"]
[Black "Fleetwood, Daniel M"]
[Result "1-0"]
[WhiteElo "2485"]
[BlackElo "2534"]
[PlyCount "113"]
[EventDate "2002.09.15"]
[EventType "tourn (corr)"]
[EventRounds "12"]
[EventCountry "FRA"]
[SourceTitle "Corr 2011"]
[Source "ChessBase"]
[SourceDate "2010.08.31"]
[SourceVersion "1"]
[SourceVersionDate "2010.08.31"]
[SourceQuality "1"]

1. e4 c5 2. Nf3 d6 3. d4 cxd4 4. Nxd4 Nf6 5. Nc3 a6 6. f3 e5 7. Nb3 Be6 8. Be3 Nbd7 9. Qd2 b5 10. a4 b4 11. Nd5 Bxd5 12. exd5 Nb6 13. Bxb6 Qxb6 14. a5 Qb7 15. Bc4 g6 16. Ra4 Rb8 17. Nc1 h5 18. Na2 Bh6 19. Qxb4 Qa7 20. Qc3 0-0 21. Nb4 Rb7 22. Rf1 Re8 23. Kd1 e4 24. Nc6 Qc5 25. Qxf6 Qe3 26. Qc3 Qc1+ 27. Ke2 Qf4 28. g3 exf3+ 29. Kf2 Qf5 30. Nd4 Qh3 31. Nxf3 Be3+ 32. Qxe3 Rxe3 33. Kxe3 Rxb2 34. Rf2 Qc8 35. Kd3 Qd7 36. Bb3 Qb5+ 37. Rc4 Rb1 38. Nd2 Rd1 39. Ke2 Rh1 40. Nf1 Kg7 41. Rff4 g5 42. Rf2 f6 43. Ne3 Rb1 44. Ba4 Qxa5 45. c3 Kf7 46. Bc2 Rb7 47. Rc6 Re7 48. Kd2 Rxe3 49. Kxe3 Qxd5 50. Rc7+ Ke8 51. Be4 Qa5 52. Rxf6 Qb6+ 53. Kd2 Qb2+ 54. Bc2 Qa2 55. Rh6 Qd5+ 56. Kc1 Qe5 57. Rh8+ 1-0

[Event "Jacques Jaudran mem-A corr"]
[Site "France AJEC"]
[Date "2002.09.15"]
[Round "?"]
[White "Barrios Troncoso, Jose Antonio"]
[Black "Piccoli, Fabio Bidart"]
[Result "1/2-1/2"]
[WhiteElo "2485"]
[BlackElo "2505"]
[PlyCount "61"]
[EventDate "2002.09.15"]
[EventType "tourn (corr)"]
[EventRounds "12"]
[EventCountry "FRA"]
[SourceTitle "Corr 2011"]
[Source "ChessBase"]
[SourceDate "2010.08.31"]
[SourceVersion "1"]
[SourceVersionDate "2010.08.31"]
[SourceQuality "1"]

1. e4 e5 2. d4 exd4 3. c3 dxc3 4. Bc4 d6 5. Nxc3 Nc6 6. Nf3 Nf6 7. Ng5 Ne5 8. Bb3 h6 9. f4 Bg4 10. Qd4 c5 11. Qe3 hxg5 12. fxe5 Nd7 13. Ba4 dxe5 14. Qg3 Be6 15. Bxg5 f6 16. 0-0-0 fxg5 17. Rxd7 Bxd7 18. Rd1 Bxa4 19. Rxd8+ Rxd8 20. Qxe5+ Be7 21. Nxa4 Rf8 22. Qg3 Rf4 23. Nc3 a6 24. Kc2 b5 25. Qe3 Rd4 26. h3 Rh4 27. Qf3 Rf4 28. Qe3 Rh4 29. a3 g4 30. Qg3 gxh3 31. Qg6+ 1/2-1/2

[Event "Jacques Jaudran mem-A corr"]
[Site "France AJEC"]
[Date "2002.09.15"]
[Round "?"]
[White "Barrios Troncoso, Jose Antonio"]
[Black "Strautins, Uldis"]
[Result "1-0"]
[WhiteElo "2485"]
[BlackElo "2510"]
[PlyCount "61"]
[EventDate "2002.09.15"]
[EventType "tourn (corr)"]
[EventRounds "12"]
[EventCountry "FRA"]
[SourceTitle "Corr 2011"]
[Source "ChessBase"]
[SourceDate "2010.08.31"]
[SourceVersion "1"]
[SourceVersionDate "2010.08.31"]
[SourceQuality "1"]

1. e4 e6 2. d4 d5 3. Nc3 Bb4 4. Nge2 dxe4 5. a3 Bxc3+ 6. Nxc3 Nc6 7. Bb5 Nge7 8. Bg5 f6 9. Be3 0-0 10. Qd2 f5 11. 0-0-0 Nd5 12. Bxc6 bxc6 13. Nxd5 exd5 14. Bf4 a5 15. h4 Rf7 16. Qc3 Ra6 17. h5 a4 18. Rh3 Qe7 19. Rdh1 Bd7 20. Rg3 Be8 21. h6 g6 22. Rg5 Rb6 23. Rh3 Qd8 24. Rhh5 Re7 25. g4 fxg4 26. Rxg4 Bd7 27. Rgg5 Qb8 28. Qg3 Be8 29. Re5 Rxe5 30. Rxe5 Bf7 31. Qc3 1-0

[Event "Jacques Jaudran mem-A corr"]
[Site "France AJEC"]
[Date "2002.09.15"]
[Round "?"]
[White "Oesterman, Georg"]
[Black "Barrios Troncoso, Jose Antonio"]
[Result "1/2-1/2"]
[WhiteElo "2556"]
[BlackElo "2485"]
[PlyCount "114"]
[EventDate "2002.09.15"]
[EventType "tourn (corr)"]
[EventRounds "12"]
[EventCountry "FRA"]
[SourceTitle "Corr 2011"]
[Source "ChessBase"]
[SourceDate "2010.08.31"]
[SourceVersion "1"]
[SourceVersionDate "2010.08.31"]
[SourceQuality "1"]

1. e4 c5 2. Nf3 Nc6 3. d4 cxd4 4. Nxd4 e5 5. Nb5 d6 6. c4 Be7 7. Bd3 Be6 8. b3 Nf6 9. 0-0 0-0 10. N1c3 a6 11. Na3 Nd7 12. Nc2 Bg5 13. Bb2 Nc5 14. Kh1 Qc7 15. Be2 f5 16. Bf3 Rad8 17. Ne3 fxe4 18. Nxe4 Bxe3 19. fxe3 Nxe4 20. Bxe4 Rxf1+ 21. Qxf1 d5 22. cxd5 Bxd5 23. Bf5 g6 24. e4 Bf7 25. Bg4 Qe7 26. Rd1 h5 27. Be2 Rxd1 28. Qxd1 Qb4 29. Bd3 b5 30. Qc1 Kg7 31. h3 Qd6 32. Qe3 Nd4 33. Qg5 Qf6 34. Qxf6+ Kxf6 35. Kg1 g5 36. Kf2 Be8 37. Bc3 Ne6 38. Ba5 Bc6 39. Bc2 h4 40. Bb6 Ke7 41. Ke3 Nf4 42. Kf3 Ne6 43. Bd1 Nf4 44. Bc7 Kf6 45. Bd8+ Kg6 46. a3 Nd3 47. Ba5 Nc5 48. Bb6 Nd3 49. Ke3 Ne1 50. Bg4 Nxg2+ 51. Kf3 Ne1+ 52. Ke2 Nc2 53. Bf5+ Kh5 54. Kd3 Nxa3 55. Bc7 b4 56. Bxe5 Bb5+ 57. Ke3 a5 1/2-1/2